Language Quiz

Random Language Quiz

Words of norse origin Quiz Stats

 Plays Quiz not verified by Sporcle

Support Sporcle.
Go Orange.
Score 0/48 Timer 07:00
0 Plays Today
English word % Correct
Egg
96.4%
Knife
93.9%
Viking
93.9%
Skin
93.4%
Mistake
92.9%
Anger
91.3%
Sky
91.3%
Band
90.8%
Hell
90.3%
Gun
90.3%
Gap
89.3%
Husband
87.2%
Bag
86.7%
Leg
85.7%
Mug
84.2%
Berserk
82.7%
Blunder
82.1%
Scarf
82.1%
Ugly
80.1%
Clip
79.6%
Odd
79.6%
Steak
79.1%
Glitter
78.1%
Call
74%
English word % Correct
Thursday
73%
Guest
72.4%
Scrape
68.4%
Ransack
67.9%
Cake
62.8%
Ball
55.6%
Bleak
55.1%
Loose
53.1%
Dirt
49.5%
Run
46.9%
Die
43.9%
Window
42.9%
Sledge
40.3%
Plough
38.3%
Root
34.2%
Weak
30.6%
Knot
29.1%
Bait
27%
Loan
26%
Freckle
25.5%
Heathen
22.4%
Their
22.4%
Raft
17.9%
Outlaw
15.3%

You're not logged in!

Compare scores with friends on all Sporcle quizzes.
OR
Log In

From the Vault

Click the Cartoon Spy

by ddd62291

Secret agent man, secret agent man, they've given you a number and taken away your name!
Remove Ads.
Support Sporcle.
Get the best of Sporcle when you Go Orange. This ad-free experience offers more features, more stats, and more fun while also helping to support Sporcle. Thank you for becoming a member.

Show Comments

Extras

Created Feb 18, 2011ReportNominate
Tags:English, nordic, norse, Norway, origin

Top Quizzes Today


Score Distribution

Your Account Isn't Verified!

In order to create a playlist on Sporcle, you need to verify the email address you used during registration. Go to your Sporcle Settings to finish the process.

Report this User

Report this user for behavior that violates our Community Guidelines.

Details: